LEADER 00403nab a2200145 i 4500 001 000000282565 003 CaOOAMICUS 005 20180831165222.0 008 180831n xx uu u0 0und r 013 $a35444 040 $aSeMil$bita 245 10$a[SENZA TITOLO]. 500 $aJanvier. 773 0 $t1952.$dBruges : Abbaye de Saint-André, 1952.$w()235633 996 $6245$a[SENZA TITOLO]$9(OLS)http://semarc/title/354609 LEADER 01134nam a2200253 i 4500 001 000000048783 003 CaOOAMICUS 005 20120607000000.0 008 120607s1969 it u000 u ita u 013 $a19953 040 $aSeMil$bita 100 1 $aBouvier, Jean-Baptiste,$c.$0(OLS)http://semarc/name/831 240 10$aDissertatio in sextum decalogi praeceptum et Supplementum ad Tractatum de matrimonio.$0(OLS)http://semarc/title/73878 245 13$aIl sesso nella morale cattolica /$cJean Bouvier ; a cura di Ruggero Leonardi. 260 $a[S.l.] :$bDe Carlo,$c1969. 300 $a213 p. ;$c20 cm. 490 0 $aLa specola : Libri di varia cultura ;$v2 650 4$aMorale sessuale.$0(OLS)http://semarc/subject/3413 700 1 $aLeonardi, Ruggero.$0(OLS)http://semarc/name/24164 830 3$aLa specola ;$v2.$0(OLS)http://semarc/title/13150 850 $aSeMil 852 $aSeMil$W1$xVenegono$y1$m2E I 155$j14938$B14938$CSeMilBibl$Z2$F14938 $81 996 $6245$aIl sesso nella morale cattolica$9(OLS)http://semarc/title/73877 996 $6260$a[S.l.] :$bDe Carlo$9(OLS)http://semarc/publisher/41065